|
|
|
|
| LEADER |
00000nab a2200000 a 4500 |
| 001 |
vtls000217782 |
| 003 |
SK-MaSNL |
| 005 |
20260304063927.0 |
| 008 |
250422c1985 xo 0 slo |
| 015 |
|
|
|a SNBRB19rr/mm-uuuuu
|
| 035 |
|
|
|a CL0227896
|
| 035 |
|
|
|a urn:nbn:sk:snk-ab5su
|
| 035 |
|
|
|a (urnnbn)urn:nbn:sk:snk:ar-a03bo7
|
| 035 |
|
|
|a (uuid)111e2ced-3e4e-4872-af16-60811d1a92e4
|
| 040 |
|
|
|a SNKBUCL
|b slo
|c SNKBUCL
|e AACR2
|
| 041 |
0 |
|
|a slo
|
| 044 |
|
|
|a xo
|c SK
|
| 080 |
|
|
|a 615.387
|2 1981
|
| 080 |
|
|
|a 661.5
|2 1981
|
| 080 |
|
|
|a 616-099
|2 1981
|
| 080 |
|
|
|a 615.273
|2 1981
|
| 245 |
0 |
0 |
|a Pokus o zníženie koncentrácie amoniaku v krvnej konzerve pomocou vymieňača iónov ; Ervín Barta, Felicitas Babušíková, Iwar Klimeš, Táňa Hammerová, Elena Švábová
|
| 300 |
|
|
|b Obr. 9. Tb. 1. Res. rus., angl., nem., lit. 21 zázn. v slov., angl.
|
| 650 |
0 |
7 |
|a konzervy krvné
|2 snkbucl
|9 1351028
|
| 650 |
0 |
7 |
|a amoniak
|2 snkbucl
|9 18228
|
| 655 |
|
7 |
|a články z novín a časopisov
|2 snkbucl
|9 267496
|
| 700 |
1 |
|
|a Barta, Ervín,
|d 1929-1991
|4 aut
|9 42393
|
| 700 |
1 |
|
|a Babušíková, Felicitas
|4 aut
|9 453837
|
| 700 |
1 |
|
|a Klimeš, Iwar,
|d 1951-2022
|4 aut
|9 132193
|
| 700 |
1 |
|
|a Hammerová, Tatiana
|4 aut
|9 1332455
|
| 700 |
1 |
|
|a Švábová, Elena
|4 aut
|9 1351029
|
| 773 |
0 |
|
|t Bratislavské lekárske listy
|g Roč. 83, č. 4 (1985), s. 413-424
|
| 850 |
|
|
|a Slovenská národná knižnica
|
| 852 |
|
|
|a Slovenská národná knižnica
|
| 954 |
|
|
|a odborná, vedecká literatúra pôvodná (slovenská)
|2 lita
|
| 958 |
|
|
|a article27
|
| 958 |
|
|
|a NB
|
| 958 |
|
|
|a RK
|
| 958 |
|
|
|a MI
|
| 958 |
|
|
|a OND
|
| 958 |
|
|
|a EUIPO
|
| 992 |
|
|
|a RBX
|
| 999 |
|
|
|c 2744552
|d 2746482
|